Statistics for Rugby Union International Teams

Click here to take the quiz!

General Stats

  • This quiz has been taken 511 times
  • The average score is 21 of 24

Answer Stats

CompetitionAnswer% Correct
Six NationsFrance
100%
Six NationsEngland
99%
Six NationsIreland
99%
Six NationsScotland
99%
Six NationsWales
99%
The Rugby ChampionshipAustralia
98%
Six NationsItaly
98%
The Rugby ChampionshipNew Zealand
98%
Pacific Nations CupFiji
97%
Pacific Nations CupSamoa
95%
The Rugby ChampionshipSouth Africa
95%
Pacific Nations CupTonga
93%
The Rugby ChampionshipArgentina
92%
Rugby Europe ChampionshipSpain
92%
Rugby Europe ChampionshipPortugal
90%
Rugby Europe ChampionshipGermany
88%
Rugby Europe ChampionshipRomania
82%
Rugby Europe ChampionshipNetherlands
79%
Rugby Europe ChampionshipBelgium
78%
Pacific Nations CupJapan
77%
Rugby Europe ChampionshipPoland
76%
Rugby Europe ChampionshipGeorgia
71%
Pacific Nations CupUSA
66%
Pacific Nations CupCanada
64%

Score Distribution

Percentile by Number Answered

Percent of People with Each Score

Your Score History

You have not taken this quiz